Paris SG Squad 2013-2014 - Statistics

General Stats
  • This quiz has been taken 712 times
    677 since last reset
  • The average score is 15 of 22
Answer Stats
Nbr Age Answer % Correct
10 32 Zlatan Ibrahimovic
96%
2 29 Thiago Silva
94%
9 27 Edinson Cavani
93%
30 27 Salvatore Sirigu
88%
22 28 Ezequiel Lavezzi
84%
8 31 Thiago Motta
82%
17 32 Maxwell
79%
14 26 Blaise Matuidi
78%
27 24 Javier Pastore
78%
24 21 Marco Verratti
78%
5 19 Marquinhos
72%
29 21 Lucas
69%
13 31 Alex
65%
23 26 Gregory van der Wiel
63%
25 18 Adrien Rabiot
61%
26 30 Christophe Jallet
61%
1 33 Nicolas Douchez
58%
4 28 Yohan Cabaye
55%
7 26 Jérémy Menez
53%
21 20 Lucas Digne
47%
6 34 Zoumana Camara
43%
35 18 Hervin Ongenda
28%
No matching quizzes found
Score Distribution
Percent of People with Each Score
Percentile by Number Answered
Your Score History
You have not taken this quiz since the last reset